| Поле | Инд. | ПП | Название | Значение |
|---|---|---|---|---|
| Тип записи | a | |||
| Библиографический уровень | m | |||
| 001 | Контрольный номер | 926bdde85b07454c9fbd97163bc17023 | ||
| 005 | Дата корректировки | 20250303150930.2 | ||
| 020 | a | ISBN | 978-5-907566-18-7 | |
| 080 | a | Индекс УДК | 330.564.2 | |
| 080 | a | Индекс УДК | 336 | |
| 080 | a | Индекс УДК | 336.74 | |
| 080 | a | Индекс УДК | 159.9 | |
| 084 | a | Индекс другой классификации/Индекс ББК | У26 | |
| 084 | a | Индекс другой классификации/Индекс ББК | У261.94 | |
| 084 | a | Индекс другой классификации/Индекс ББК | Ю94 | |
| 090 | x | Авторский знак | А 60 | |
| a | Полочн. индекс | У2 | ||
| 097 | b | Оператор | *Еж* | |
| b | Оператор | *Вин* | ||
| 100 | 1_ | a | Автор | Аляутдинов Ш.Р. |
| 245 | 10 | a | Заглавие | Деньги работают на меня |
| 260 | a | Место издания | Москва | |
| b | Издательство | ИП Аляутдинов Ш.Р. | ||
| c | Дата издания | 2024 | ||
| 300 | a | Объем | 213, [2] с. | |
| 516 | 8_ | a | Прим. о типе комп. файла/ данных | Текст : непосредственный |
| 520 | 0_ | a | Аннотация | О чем эта книга? О том, как быстрее реализовать жизненный этап "Деньги работают на меня". Книга очень реально приближена к действительности. Никакой "финансовой" воды и пустословия. Сам автор реализовал этап "деньги работают на меня" в 2012 году, не растеряв его в последующие годы, а лишь нарастив и приумножив. Именно о финансах - это - четвертая книга автора. Первые три - "Финансы триллионера", "Подсознательные бедность и богатство", "Деньги под контролем". Если же принять во внимание все книги, написанные автором, то данная книга 34-я по счету. Первая вышла в 1999 году и до сих пор переиздается. |
| 653 | 0_ | a | Ключевые слова | Инвестиционный портфель |
| a | Ключевые слова | Психология денег | ||
| a | Ключевые слова | Деньги | ||
| a | Ключевые слова | Финансы | ||
| a | Ключевые слова | Финансовая грамотность | ||
| a | Ключевые слова | Экономическая психология | ||
| 655 | a | Жанр/ форма (устаревшее) | *Н* | |
| 901 | t | Тип документа | m | |
| 905 | b | Дата создания записи обработка | 23.01.25 | |
| 952 | e | Факультет | *ФУСК* | |
| 990 | c | Приоритет заказа (DOS) | *д* | |
| f | Даты поступлений (DOS) | 27.09.24 | ||
| g | Размещение заказа (DOS) | пожертвование православного Прихода Успенского | ||
| h | N записи в КСУ для Б/У (DOS) | 42/2024 | ||
| j | Количество экземпляров (DOS) | 1 |